Countries Alex Warren has Visited - Statistics

General Stats
  • This quiz has been taken 15 times
  • The average score is 16 of 16
Answer Stats
Continent Country % Correct
Oceania Australia
100%
Europe Belgium
100%
North America Canada
100%
Europe Denmark
100%
Europe Finland
100%
Europe France
100%
Europe Germany
100%
Europe Netherlands
100%
Europe Poland
100%
Europe Sweden
100%
Europe United Kingdom
100%
North America United States of America
100%
Europe Ireland
92%
Oceania New Zealand
92%
Europe Norway
92%
Europe Czech Republic
75%
No matching quizzes found
Score Distribution
Percent of People with Each Score
Percentile by Number Answered
Your Score History
You have not taken this quiz